[Event "Timbo op 2nd"]
[Site "Timbo"]
[Date "2022.02.18"]
[Round "3"]
[White "Henriquetta, Rafael Stolf"]
[Black "Zanghelini, Cristian Silnei"]
[Result "0-1"]
[WhiteElo "1381"]
[BlackElo "1824"]
[PlyCount "52"]
[EventDate "2022.02.17"]
[EventType "swiss"]
[EventRounds "7"]
[EventCountry "BRA"]
[SourceTitle "EXT 2023"]
[Source "ChessBase"]
[SourceDate "2022.10.05"]
[SourceVersion "1"]
[SourceVersionDate "2022.10.05"]
[SourceQuality "1"]

1. e4 c5 2. Nf3 d6 3. d4 cxd4 4. Qxd4 a6 5. Nc3 Nc6 6. Qd1 e6 7. Be2 Be7 8. Be3 Nf6 9. Nd4 Qc7 10. 0-0 0-0 11. f4 Bd7 12. Qe1 Nxd4 13. Bxd4 e5 14. Be3 Bc6 15. Bf3 b5 16. fxe5 dxe5 17. Qg3 Kh8 18. a3 Rac8 19. Rad1 Rfe8 20. Qf2 Qb7 21. Kh1 b4 22. axb4 Bxb4 23. Rde1 Bxc3 24. bxc3 Nxe4 25. Bxe4 Bxe4 26. Bh6 f5 0-1

[Event "Florianopolis op 6th"]
[Site "Florianopolis"]
[Date "2020.01.25"]
[Round "8"]
[White "Zanghelini, Cristian Silnei"]
[Black "Gomes, Carlos"]
[Result "1-0"]
[WhiteElo "1890"]
[BlackElo "1576"]
[PlyCount "53"]
[EventDate "2020.01.20"]
[EventType "swiss"]
[EventRounds "10"]
[EventCountry "BRA"]
[SourceTitle "CBM 194 Extra"]
[Source "ChessBase"]
[SourceDate "2020.03.31"]
[SourceVersion "1"]
[SourceVersionDate "2020.03.31"]
[SourceQuality "1"]

1. e4 c5 2. Nf3 d6 3. d4 cxd4 4. Nxd4 Nf6 5. Nc3 e6 6. Be3 Be7 7. g4 a6 8. g5 Nfd7 9. Bg2 Nc6 10. h4 Qc7 11. Qd2 Nce5 12. 0-0-0 Nc4 13. Qe2 Nxe3 14. Qxe3 Rb8 15. h5 Ne5 16. f4 Nc4 17. Qd3 b5 18. Kb1 b4 19. Nce2 e5 20. Nf5 Bxf5 21. exf5 0-0 22. g6 exf4 23. gxf7+ Kh8 24. Nxf4 Ne5 25. Ng6+ Nxg6 26. hxg6 h6 27. Rxh6+ 1-0

[Event "Florianopolis op 6th"]
[Site "Florianopolis"]
[Date "2020.01.22"]
[Round "4"]
[White "Zanghelini, Cristian Silnei"]
[Black "Luz, Christian Oliveira"]
[Result "1-0"]
[WhiteElo "1890"]
[BlackElo "1521"]
[PlyCount "45"]
[EventDate "2020.01.20"]
[EventType "swiss"]
[EventRounds "10"]
[EventCountry "BRA"]
[SourceTitle "CBM 194 Extra"]
[Source "ChessBase"]
[SourceDate "2020.03.31"]
[SourceVersion "1"]
[SourceVersionDate "2020.03.31"]
[SourceQuality "1"]

1. e4 e5 2. Nf3 d6 3. d4 Nd7 4. Bc4 h6 5. Nc3 Ngf6 6. 0-0 Be7 7. h3 0-0 8. Be3 c6 9. a4 Qc7 10. Bb3 b6 11. Rc1 Bb7 12. Nh4 d5 13. Nf5 Bb4 14. exd5 cxd5 15. Nb5 Qc8 16. c3 exd4 17. cxb4 Qd8 18. Bxd4 Ne4 19. Qg4 Qg5 20. Qxg5 Nxg5 21. Bxg7 Rfe8 22. Bxh6 Ne4 23. Nc7 1-0

[Event "Florianopolis Winter op 5th"]
[Site "Florianopolis"]
[Date "2019.08.31"]
[Round "5"]
[White "Zanghelini, Cristian Silnei"]
[Black "Dias, Henrique Jose Harms"]
[Result "1/2-1/2"]
[WhiteElo "1796"]
[BlackElo "1628"]
[PlyCount "96"]
[EventDate "2019.08.30"]
[EventType "swiss"]
[EventRounds "7"]
[EventCountry "BRA"]
[SourceTitle "EXT 2020"]
[Source "ChessBase"]
[SourceDate "2019.10.17"]
[SourceVersion "1"]
[SourceVersionDate "2019.10.17"]
[SourceQuality "1"]

1. e4 c6 2. d4 d5 3. Nc3 dxe4 4. Nxe4 Bf5 5. Ng3 Bg6 6. N1e2 Nd7 7. h4 h6 8. Nf4 Bh7 9. Bc4 e5 10. dxe5 Nxe5 11. Qe2 Qe7 12. Bb3 Ng6 13. Qxe7+ Bxe7 14. h5 Nxf4 15. Bxf4 Nf6 16. 0-0 0-0 17. Rfe1 Rfe8 18. Re2 Bc5 19. Rae1 Rxe2 20. Rxe2 Rd8 21. c3 Kf8 22. Bc2 Bxc2 23. Rxc2 Rd1+ 24. Nf1 Nxh5 25. Bc7 Nf6 26. b4 Nd5 27. bxc5 Nxc7 28. Rb2 Nb5 29. f3 Rc1 30. Kf2 Rxc3 31. a4 Nd4 32. Rxb7 a5 33. Ne3 Rxc5 34. Ra7 g6 35. Ng4 Kg7 36. f4 Rf5 37. g3 g5 38. Ke3 c5 39. Rxa5 gxf4+ 40. gxf4 Ne6 41. Ra6 Rxf4 42. Nxh6 Rb4 43. Nf5+ Kf6 44. Nd6 c4 45. Kd2 Ke7 46. Kc3 Rb1 47. Nxc4 Rc1+ 48. Kb4 Rb1+ 1/2-1/2

[Event "BRA-ch U20"]
[Site "Florianopolis"]
[Date "2003.05.18"]
[Round "7"]
[White "Zanghelini, Cristian Silnei"]
[Black "Stuani, Guido"]
[Result "1-0"]
[WhiteElo "1765"]
[BlackElo "1835"]
[PlyCount "63"]
[EventDate "2003.05.??"]
[EventType "swiss"]
[EventRounds "7"]
[EventCountry "BRA"]
[SourceTitle "EXT 2006"]
[Source "ChessBase"]
[SourceDate "2005.11.24"]
[SourceVersion "1"]
[SourceVersionDate "2005.11.24"]
[SourceQuality "1"]

1. e4 e5 2. f4 exf4 3. Nf3 d5 4. exd5 Qxd5 5. Nc3 Qd8 6. d4 Nf6 7. Bc4 Be7 8. 0-0 0-0 9. Bxf4 Bg4 10. Qd2 Nbd7 11. Rae1 Nb6 12. Bd3 Nbd5 13. Nxd5 Nxd5 14. c3 Nf6 15. Ne5 Be6 16. b3 Ne8 17. Bc2 g6 18. Bh6 Ng7 19. Qf2 Bd6 20. c4 Bxe5 21. Rxe5 Qd6 22. Rfe1 f6 23. R5e2 a6 24. Bxg7 Kxg7 25. Rxe6 Qd8 26. Qh4 Rf7 27. Qe4 Kf8 28. d5 Rb8 29. b4 b6 30. Bb3 Ra8 31. c5 bxc5 32. bxc5 1-0

[Event "BRA-ch U20"]
[Site "Florianopolis"]
[Date "2003.05.17"]
[Round "5"]
[White "Zini Bertoli, Eduardo"]
[Black "Zanghelini, Cristian Silnei"]
[Result "1-0"]
[WhiteElo "1825"]
[BlackElo "1765"]
[PlyCount "112"]
[EventDate "2003.05.??"]
[EventType "swiss"]
[EventRounds "7"]
[EventCountry "BRA"]
[SourceTitle "EXT 2006"]
[Source "ChessBase"]
[SourceDate "2005.11.24"]
[SourceVersion "1"]
[SourceVersionDate "2005.11.24"]
[SourceQuality "1"]

1. d4 d5 2. c4 e6 3. Nc3 Nf6 4. Bg5 Nbd7 5. e4 dxe4 6. Nxe4 Bb4+ 7. Nc3 0-0 8. a3 Be7 9. Nf3 c5 10. dxc5 Nxc5 11. Qc2 Qb6 12. b4 Ncd7 13. Bd3 a6 14. 0-0 Qc7 15. Rfe1 b6 16. Ne4 Bb7 17. Nxf6+ Nxf6 18. Rad1 h6 19. Bh4 Rac8 20. Bg3 Qc6 21. Rd2 Rfd8 22. Red1 a5 23. b5 Qe8 24. Ne5 Bxa3 25. Nxf7 Qxf7 26. Bh7+ Nxh7 27. Rxd8+ Rxd8 28. Rxd8+ Nf8 29. Bd6 Bxd6 30. Rxd6 Qf6 31. h3 Qa1+ 32. Qd1 Qe5 33. Rxb6 Qe4 34. Qg4 Qe1+ 35. Kh2 Be4 36. Rxe6 Nxe6 37. Qxe6+ Kh7 38. f3 a4 39. Qxe4+ Qxe4 40. fxe4 a3 41. b6 a2 42. b7 a1Q 43. b8Q Qd4 44. Qf4 Qxc4 45. Qf5+ Kg8 46. Qd5+ Qxd5 47. exd5 Kf7 48. Kg3 g5 49. Kg4 Kg6 50. Kf3 h5 51. Ke4 Kf6 52. g4 hxg4 53. hxg4 Kg6 54. Ke5 Kf7 55. Kf5 Ke7 56. Kxg5 Kd6 1-0

[Event "BRA-ch U20"]
[Site "Florianopolis"]
[Date "2003.05.16"]
[Round "4"]
[White "Zanghelini, Cristian Silnei"]
[Black "Flores da Cunha, Vinicius"]
[Result "1-0"]
[WhiteElo "1765"]
[BlackElo "1761"]
[PlyCount "39"]
[EventDate "2003.05.??"]
[EventType "swiss"]
[EventRounds "7"]
[EventCountry "BRA"]
[SourceTitle "EXT 2006"]
[Source "ChessBase"]
[SourceDate "2005.11.24"]
[SourceVersion "1"]
[SourceVersionDate "2005.11.24"]
[SourceQuality "1"]

1. e4 e6 2. d4 d5 3. Nd2 Nf6 4. e5 Nfd7 5. Bd3 c5 6. c3 Nc6 7. Ne2 Qb6 8. Nf3 Qa5 9. 0-0 b6 10. Bd2 c4 11. Bb1 b5 12. Ng3 Qd8 13. Ng5 f5 14. Nxe6 Qb6 15. Bxf5 Ne7 16. Bh3 Ng6 17. f4 Be7 18. Nxg7+ Kd8 19. Ne6+ Ke8 20. f5 1-0

[Event "BRA-ch U20"]
[Site "Florianopolis"]
[Date "2003.05.16"]
[Round "2"]
[White "Zanghelini, Cristian Silnei"]
[Black "Limberg, Estacio Vermelho"]
[Result "0-1"]
[WhiteElo "1765"]
[BlackElo "1802"]
[PlyCount "94"]
[EventDate "2003.05.??"]
[EventType "swiss"]
[EventRounds "7"]
[EventCountry "BRA"]
[SourceTitle "EXT 2006"]
[Source "ChessBase"]
[SourceDate "2005.11.24"]
[SourceVersion "1"]
[SourceVersionDate "2005.11.24"]
[SourceQuality "1"]

1. e4 Nf6 2. Nc3 d5 3. e5 d4 4. exf6 dxc3 5. fxg7 cxd2+ 6. Qxd2 Qxd2+ 7. Bxd2 Bxg7 8. 0-0-0 Nc6 9. Bb5 Bd7 10. Nf3 0-0-0 11. Rhe1 Rde8 12. Bf4 a6 13. Ba4 b5 14. Bb3 e6 15. c3 h5 16. h3 Bh6 17. Bxh6 Rxh6 18. Rd2 Rd8 19. Red1 Rg6 20. g3 Rgg8 21. Bc2 f6 22. Nh4 Ne5 23. Be4 Nc4 24. Bb7+ Kxb7 25. Rxd7 Rxd7 26. Rxd7 Nd6 27. Kd2 Ne4+ 28. Ke2 Ng5 29. Nf3 Nxh3 30. Rh7 Ng5 31. Rxh5 Ne4 32. Ke3 Nd6 33. b3 Rd8 34. Nd4 c5 35. Rxc5 e5 36. Nf3 Kb6 37. b4 Nb7 38. Rxe5 fxe5 39. Nxe5 Nd6 40. f4 Kc7 41. g4 Nc4+ 42. Ke4 Nxe5 43. Kxe5 Kd7 44. f5 Ke7 45. g5 Rd2 46. g6 Re2+ 47. Kf4 Kf6 0-1

[Event "BRA-ch U20"]
[Site "Florianopolis"]
[Date "2003.05.14"]
[Round "1"]
[White "Palozi, Paulo Ricardo"]
[Black "Zanghelini, Cristian Silnei"]
[Result "1-0"]
[WhiteElo "1867"]
[BlackElo "1765"]
[PlyCount "125"]
[EventDate "2003.05.??"]
[EventType "swiss"]
[EventRounds "7"]
[EventCountry "BRA"]
[SourceTitle "EXT 2006"]
[Source "ChessBase"]
[SourceDate "2005.11.24"]
[SourceVersion "1"]
[SourceVersionDate "2005.11.24"]
[SourceQuality "1"]

1. d4 d5 2. c4 e6 3. Nf3 Nf6 4. e3 Be7 5. Bd3 0-0 6. 0-0 dxc4 7. Bxc4 b6 8. Nc3 Bb7 9. b3 Nbd7 10. Bb2 c5 11. Rc1 Rc8 12. Be2 a6 13. dxc5 Nxc5 14. Nd2 Nd3 15. Bxd3 Qxd3 16. Nc4 Qg6 17. f3 Bc5 18. Qe2 Qh6 19. Na4 Nd5 20. Nxc5 Rxc5 21. Ba3 Rfc8 22. Bxc5 Rxc5 23. Rfd1 g6 24. e4 Nf4 25. Rd8+ Kg7 26. Qd2 Ne2+ 27. Qxe2 Qxc1+ 28. Rd1 Qg5 29. Nxb6 Bc6 30. Qd2 Qf6 31. Nc4 Rh5 32. Qb2 Qxb2 33. Nxb2 Rc5 34. Nc4 Bb5 35. Rc1 Kf6 36. Kf2 h5 37. Ke3 Ke7 38. Rc2 Kd7 39. a4 Bxc4 40. Rxc4 Kd6 41. Rxc5 Kxc5 42. Kd3 Kb4 43. Kc2 f5 44. h3 g5 45. g4 hxg4 46. hxg4 f4 47. Kb2 Kc5 48. Kc3 a5 49. Kd3 Kb4 50. Kc2 Ka3 51. Kc3 Ka2 52. b4 axb4+ 53. Kxb4 Kb2 54. a5 Kc2 55. a6 Kd2 56. a7 Ke3 57. a8Q Kxf3 58. e5+ Kxg4 59. Qg2+ Kf5 60. Kc4 g4 61. Kd4 f3 62. Qg3 Kg5 63. Ke4 1-0